header

Crop variety improvement and its effect on productivity (Record no. 138003)

MARC details
000 -LEADER
fixed length control field 01458nam a22003494a 4500
082 04 - DEWEY DECIMAL CLASSIFICATION NUMBER
Classification number 631.5/2
245 00 - TITLE STATEMENT
Title Crop variety improvement and its effect on productivity
260 ## - PUBLICATION, DISTRIBUTION, ETC. (IMPRINT)
Place of publication Wallingford, Oxon, UK ;
-- Cambridge, MA, USA :
Name of publisher CABI Pub.,
Year of publication c2003.
300 ## - PHYSICAL DESCRIPTION
Number of Pages xxv, 522 p. :
Other physical details ill.
650 #0 - SUBJECT ADDED ENTRY--TOPICAL TERM
Topical Term Field crops
Topical Term Field crops
Topical Term Crop improvement.
Topical Term Agriculture
Topical Term Agricultural productivity.
700 1# - ADDED ENTRY--PERSONAL NAME
Personal name Evenson, Robert E.
Personal name Gollin, Douglas.
856 40 - ELECTRONIC LOCATION AND ACCESS
Uniform Resource Identifier http://site.ebrary.com/lib/rucke/Doc?id=10173518

No items available.

© 2026 Rongo University
Contact us: librarian | system librarian | Rongo university